Tủ lạnh, máy kem, máy đá, máy điều hòa nhiệt độ : Cấu tạo, sử dụng, thực hành sửa chữa và tính toán thiết kế
Nguyên tắc làm việc, cấu tạo vận hành, bảo dưỡng và thực hành sửa chữa các loại máy lạnh nhỏ, máy điều hoà nhiệt độ, máy kem..
保存先:
| 第一著者: | |
|---|---|
| フォーマット: | 図書 |
| 言語: | Undetermined |
| 出版事項: |
Hà Nội
Khoa học và Kỹ thuật
2000
|
| 主題: | |
| タグ: |
タグ追加
タグなし, このレコードへの初めてのタグを付けませんか!
|
| Thư viện lưu trữ: | Trung tâm Học liệu Trường Đại học Cần Thơ |
|---|
| LEADER | 01003nam a2200217Ia 4500 | ||
|---|---|---|---|
| 001 | CTU_42161 | ||
| 008 | 210402s9999 xx 000 0 und d | ||
| 020 | |c 23000 | ||
| 082 | |a 621.57 | ||
| 082 | |b L462/2000 | ||
| 100 | |a Nguyễn, Đức Lợi | ||
| 245 | 0 | |a Tủ lạnh, máy kem, máy đá, máy điều hòa nhiệt độ : | |
| 245 | 0 | |b Cấu tạo, sử dụng, thực hành sửa chữa và tính toán thiết kế | |
| 245 | 0 | |c Nguyễn Đức Lợi | |
| 260 | |a Hà Nội | ||
| 260 | |b Khoa học và Kỹ thuật | ||
| 260 | |c 2000 | ||
| 520 | |a Nguyên tắc làm việc, cấu tạo vận hành, bảo dưỡng và thực hành sửa chữa các loại máy lạnh nhỏ, máy điều hoà nhiệt độ, máy kem.. | ||
| 650 | |a Air conditioning,Low temperature engineering,Refrigeration and refrigerating machinery | ||
| 904 | |i Minh, Hải | ||
| 980 | |a Trung tâm Học liệu Trường Đại học Cần Thơ | ||